S pocitom zodpovednosti Z jarného prahu v okrese Nitra a VHJ Agrokomplex

Bibliographic Details
Main Authors: Gáfel, Anton (Author), Medovičová, Gladys (Author), Orlíková, Hana (Author)
Format: Article
Language:Slovak
Subjects:

MARC

LEADER 00000nab a2200000 a 4500
001 vtls000314396
003 SK-MaSNL
005 20260305032202.0
008 111201c1978 xo 0 slo
015 |a SNBRB19rr/mm-uuuuu 
035 |a CL0004488 
040 |a SNKBUCL  |b slo  |c SNKBUCL  |e AACR2 
041 0 |a slo 
044 |a xo  |c SK 
080 |a 631.1  |2 1981 
080 |a 631.5  |2 1981 
100 1 |a Gáfel, Anton  |4 aut  |9 494266 
245 1 0 |a S pocitom zodpovednosti  |b Z jarného prahu v okrese Nitra a VHJ Agrokomplex  |c Anton Gáfel, Gladys Medovičová, Hana Orlíková 
650 0 7 |a poľnohospodársko-potravinársky komplex  |2 snkbucl  |9 58541 
650 0 7 |a poľnohospodárske podniky  |2 snkbucl  |9 4194 
651 7 |a 5206  |2 snkbucl  |9 283253 
651 7 |a Nitra (Slovensko : okres)  |2 snkbucl  |9 24094 
655 7 |a články z novín a časopisov  |2 snkbucl  |9 267496 
700 1 |a Medovičová, Gladys  |4 aut  |9 936088 
700 1 |a Orlíková, Hana  |4 aut  |9 204836 
773 0 |t Roľnícke noviny  |g Roč. 33, č. 58 (9. 3. 1978), s. 1 a 3 
850 |a Slovenská národná knižnica v Martine  |a MTA001 
852 |a SNK  |b KIS3GCP 
958 |a RK 
992 |a RBX 
999 |c 3319002  |d 3320932